| 000 | 00426nam a2200157 i 4500 | ||
|---|---|---|---|
| 001 | 75461 | ||
| 003 | ES-MaACL | ||
| 005 | 20230906172448.0 | ||
| 007 | t| | ||
| 008 | 040924s1961 sp ||||1| spa d | ||
| 100 | 1 |
_aGranados, Carlos Enrique. _959557 |
|
| 245 | 1 | 0 |
_aWahoo _b: novela / _cCarlos Enrique Granados. |
| 260 |
_aMadrid : _bAlhambra, _c[1961] |
||
| 300 |
_a242 p. ; _c24 cm. |
||
| 852 |
_aES-MaACL _jC-20714 _bR.49207 |
||
| 999 |
_c75461 _d75461 |
||